1375 1725 1193 1095 1367 1950 1401 1531 1799 1934 1463 1746 1000 1040 1651 1036 1532 1119 1950 1479 1715 1817 1835 1342 1186 1831 1285 1746 1143 1021 1399 1819 1818 1657 1152 1084 1564 1983 1248 1030 1602 1083 1437 1172 1616 1373 1250 1947 1130 1836 1739 1149 1821 1701 1457 1503 1593 1946 1416 1610 1311 1046 1176 1631 1596 1589 1386 1637 1869 1276 1068 1385 1366 1691 1448 1814 1284 1322 1853 1767 1419 1782 1092 1012 1756 1288 1068 1485 1003 1216 1477 1211 1890 1222 1486 1189 1344 1710 1390 BCNSPRNW ULIB Ver.6.0+V

เปลี่ยนเป็นภาษาไทย

Change to English
 แสดงรายละเอียดบรรณานุกรม
  กลับหน้าหลัก

Brief Record : Get Marc (ISO 2709) : E-mail record : QR code < ปิดหน้าต่าง
LEADER : 00000nam 2200000uu 4500
001    13399119968
003     ULIB
008    120817s2554||||th 000 0 tha d
020    ^a9786167388281
060 04 ^aW50^bว895
245 00 ^aเวชจริยธรรม /^c[คณะบรรณาธิการ] ธำรงรัตน์ แก้วกาญจน์,
250    ^aพิมพ์ครั้งที่ 1
260    ^aกรุงเทพฯ :^bโครงการตำราวิทยาลัยแพทยศาสตร์พระมงกุฎเกล้า,^c2554
300    ^a170 หน้า :^bภาพประกอบ ;^c29 ซม.
650  4 ^aจรรยาบรรณแพทย์
700 0  ^aธำรงรัตน์ แก้วกาญจน์,^eบรรณาธิการ
700 0  ^aสุจินต์ อุบลวัตร,^eบรรณาธิการ
700 0  ^aวิชัย ประยูรวิวัฒน์,^eบรรณาธิการ
945    ^p150^l0^i19227
945    ^p150^l0^i19228
995    ^aเกษร
999 ^a ใช้งานได้ทุกระบบ
รายการนี้ยังไม่มีแท็ก
คุณยังไม่ได้ล็อกอิน คุณสามารถมีกิจกรรมร่วมกับเว็บไซต์ได้ แต่ต้องล็อกอินก่อน ::
  ล็อกอิน

รายการสื่อสารสนเทศ

ลำดับที่ ประเภท เลขเรียก/บาร์โค้ด สถานที่ สถานะ
1. วิทยาศาสตร์การแพทย์ และสุขภาพ
วิทยาศาสตร์การแพทย์ และสุขภาพ
สถานะ=หนังสือเก่า
W50 ว895 ฉ.1 
  Barcode: 19227
ห้องสมุดวิทยาเขตนครสวรรค์
►ส่วนจัดเก็บหนังสือเก่า นว.
บนชั้น
  ขอยืม
2. วิทยาศาสตร์การแพทย์ และสุขภาพ
วิทยาศาสตร์การแพทย์ และสุขภาพ
สถานะ=หนังสือเก่า
W50 ว895 ฉ.2 
  Barcode: 19228
ห้องสมุดวิทยาเขตนครสวรรค์
►ส่วนจัดเก็บหนังสือเก่า นว.
บนชั้น
  ขอยืม

รายการใกล้เคียง
    หัวเรื่อง [จรรยาบรรณแพทย์]

BibComment


ยังไม่เคยถูกคอมเมนท์

คอมเมนท์ทรัพยากรรายการนี้
  คอมเมนท์: เวชจริยธรรม คณะ..


 Copyright 2026. Bcnsprnw @Library